000 00859nam a2200265Ia 4500
003 GCL
005 20240530110113.0
008 140319s9999 xx 000 0 ara d
040 _aGCL /
_cGCL
082 0 4 _a362.0293
_bص ع
100 1 _aصفوت محمود درويش
245 1 0 _aالعمال والمخدرات - المشكلة والحل /
_cصفوت محمود درويش
260 _a[S.N] :
_bصفوت محمود درويش ،
_c1993
300 _a188 ص
650 0 4 _aالاحوال الاجتماعية
650 0 4 _aادمان المخدرات
650 0 4 _aالخدمة الاجتماعية
650 0 4 _aالعمل والعمال
650 0 4 _aالمخدرات
650 0 4 _aمكافحة المخدرات
650 0 4 _aالاجتماع
650 0 4 _aالعمال
700 1 _aصفوت محمد درويش
942 _2ddc
_cBK
999 _c58570
_d58570